[Event "Amsterdam Science Park op-A 2nd"]
[Site "Amsterdam"]
[Date "2012.07.19"]
[Round "6"]
[White "Lee, Kah Jin"]
[Black "Klapwijk, Bram"]
[Result "0-1"]
[WhiteElo "2126"]
[BlackElo "2041"]
[PlyCount "80"]
[EventDate "2012.07.14"]
[EventType "swiss"]
[EventRounds "9"]
[EventCountry "NED"]
[SourceTitle "CBM 149 Extra"]
[Source "ChessBase"]
[SourceDate "2012.08.24"]
[SourceVersion "1"]
[SourceVersionDate "2012.08.24"]
[SourceQuality "1"]

1. e4 e6 2. d4 d5 3. Nd2 Nf6 4. e5 Nfd7 5. Bd3 c5 6. c3 Nc6 7. Ne2 cxd4 8. cxd4 f6 9. exf6 Qxf6 10. Nf3 Bb4+ 11. Bd2 0-0 12. 0-0 e5 13. Qb3 Bxd2 14. Qxd5+ Kh8 15. Nxd2 exd4 16. Nf3 Nde5 17. Nxe5 Nxe5 18. Rad1 Rd8 19. Qc5 Bg4 20. f3 b6 21. Qb4 a5 22. Qd2 Be6 23. b3 a4 24. Be4 Rac8 25. Qb4 axb3 26. axb3 d3 27. Nc1 Qf4 28. Qxb6 Ng4 29. fxg4 Qxe4 30. Rxd3 Bd5 31. Rg3 Bg8 32. Qe3 Qc2 33. Rgf3 Rd2 34. Qe5 Rxg2+ 35. Kh1 Re8 36. Qd6 Rd8 37. Qe5 Rdd2 38. Rh3 Qc6 39. Rhf3 Rgf2 40. R1xf2 Rxf2 0-1